000 00263nam a22001217a 4500
008 180125b xxu||||| |||| 00| 0 eng d
041 _aeng
080 _a7
100 _a44
101 _aart
245 _athe mystic arts ninja
_cstephen.k.h
942 _2udc
_cBK
999 _c40975
_d40975